| 000 | 01143nam a22003497a 4500 | ||
|---|---|---|---|
| 001 | 0001478 | ||
| 003 | DO-SdBPM | ||
| 005 | 20250711124100.0 | ||
| 007 | ta | ||
| 008 | 161115b2011 ag |||| 00| a spa d | ||
| 020 | _a9789870410553 | ||
| 040 |
_6DO-SdBPM _8spa _aBPMSU _c _erda |
||
| 082 | 4 |
_a863.6 _bW853p 2011 _222 |
|
| 100 |
_aWolf, Ema, _d1948- _eautor |
||
| 245 | 1 | 0 |
_aPollos de campo / _cEma Wolf. ; edición Violeta Estrada ; ilustraciones sabina Álvarez Schurmann, |
| 250 | _a | ||
| 264 |
_aArgentina : _bEdiciones Alfaguara, _c2011 |
||
| 300 |
_a150 páginas : _bilustraciones ; _c21 cm. |
||
| 336 |
_atexto _btxt _2rdacontent |
||
| 337 |
_asin mediación _bn _2rdamedia |
||
| 338 |
_avolumen _bnc _2rdacarrier |
||
| 490 | 0 | _aAlfaguara juvenil | |
| 500 | _aIncluye datos biográficos del autor | ||
| 500 | _aDesde 12 años. | ||
| 590 | _aInventariado, 2025/VM | ||
| 650 | 7 | _aNovela juvenil argentina | |
| 650 | 7 | _aLiteratura juvenil argentina | |
| 700 | 1 |
_aÁlvarez Schurmann, sabina _eilustraciones |
|
| 700 | 1 |
_aEstrada, Violeta _eedición |
|
| 910 | _aVMateo V. Control de calidad. BPMSU | ||
| 942 |
_2ddc _cBK |
||
| 999 |
_c11954 _d11954 |
||